2024 English Premier League Clubs - Statistics

General Stats
  • This quiz has been taken 52 times
  • The average score is 18 of 20
Answer Stats
Team % Correct
Chelsea
100%
Manchester City
100%
Manchester United
100%
Arsenal
96%
Everton
96%
Aston Villa
91%
Liverpool
91%
Tottenham Hotspur
91%
Crystal Palace
89%
Newcastle United
89%
Brighton & Hove Albion
87%
Burnley
87%
West Ham United
87%
Fulham
85%
Luton Town
85%
Nottingham Forest
85%
Wolverhampton Wanderers
83%
Brentford
76%
Bournemouth
74%
Sheffield United
65%
No matching quizzes found
Score Distribution
Percent of People with Each Score
Percentile by Number Answered
Your Score History
You have not taken this quiz